000 00485nam a2200193Ia 4500
999 _c470
_d470
001 369
003 OSt
005 20190727162000.0
008 140311s9999 xx 000 0 und d
040 _cPK-LaUMT
082 _a297
_bSHE-A
100 _aRafi Ullah Shehab
245 _aAllama Iqbal on islamic thought
_cRafi Ullah Shehab
260 _aPakistan:
_bMaqbool Academy,
_c1992.
300 _a208 p.
546 _aEN
650 _aIqbal and islamic thought
942 _cWEEDED OUT
_2ddc